Запись беседы врид начальника отдела внешних сношений НКО СССР Г. И. Осетрова с чехословацким военным атташе в Москве О. Фарским...

RUSMARC
00004183cbm0a2200277#x 450
00113911019-59cf-4ed8-acf3-dbd2c4645b04
00520200417121628.0
100##$a20200401j19380919k###0rusy50 ca
1010#$arus
102##$aRU
1220#$ad19380925##
2001#$aЗапись беседы врид начальника отдела внешних сношений НКО СССР Г. И. Осетрова с чехословацким военным атташе в Москве О. Фарским о военных приготовлениях Германии. Сопроводительное письмо заместителя начальника РУ РККА А. Г. Орлова наркому обороны СССР К. Е. Ворошилову с записью беседы
$j19 сентября 1938 г.
251##$cДокумент
300##$aЗапись беседы – подлинник; сопроводительное письмо – подлинник
461#0$12001
$aФ. 33987
$1251
$cФонд
$1852
$j33987
462#0$12001
$aОп. 3а
$1251
$cОпись
$1852
$j
462#0$12001
$aД. 1144
$vЛ. 278-279
$1251
$cДело
$1852
$j1144
605##$aВторая мировая война в архивных документах (Комплекс оцифрованных архивных документов, кино- и фотоматериалов)
$lколлекция
$2prlib_sh
$3LIBNET\UAF\0000088514
617##$aСССР
$f1938
$2prlib_sh
617##$aЧехословакия
$f1938
$2prlib_sh
617##$aГермания
$f1938
$2prlib_sh
801#0$aRU
$bПБ им. Б.Н. Ельцина
$c20200401
801#1$aRU
$bПБ им. Б.Н. Ельцина
$c20200401
$2rusmarc
801#2$aRU
$bПБ им. Б.Н. Ельцина
$c20200417
$2rusmarc
850##$aРоссийский государственный военный архив
852##$aРГВА
$jЛ. 278-279
035##$aLIBNET\0001067935
937##$d144050059
$hРоссийский государственный военный архив
8564#$uhttp://readingroom.main.prlib.ru/item.aspx?id_node=n144050059&mode=full
Формат отображения